Music Quiz

Random Music or Clip Quiz

Versions of Don't Think Twice, It's All Right by Clip Quiz Stats

 Plays Quiz not verified by Sporcle

Score 0/8 Timer 07:00
0 Plays Today
Time Artist % Correct
0:00-0:25Bob Dylan
94.2%
1:10-1:36Joan Baez
67.3%
2:50-3:23Peter, Paul and Mary
48.1%
1:36-1:56Arlo Guthrie and Pete Seeger
44.2%
0:25-0:53John Mayer
40.4%
2:22-2:50Ke$ha
26.9%
0:53-1:10Ed Sheeran
15.4%
1:56-2:22Indigo Girls with Brandi Carlile
13.5%

You're not logged in!

Compare scores with friends on all Sporcle quizzes.
OR
Log In

You Might Also Like...

Show Comments

Extras

Top Quizzes Today


Score Distribution

Your Account Isn't Verified!

In order to create a playlist on Sporcle, you need to verify the email address you used during registration. Go to your Sporcle Settings to finish the process.

Report this User

Report this user for behavior that violates our Community Guidelines.

Details: